<?xml version="1.0" encoding="UTF-8"?>
<record
    xmlns:xsi="http://www.w3.org/2001/XMLSchema-instance"
    xsi:schemaLocation="http://www.loc.gov/MARC21/slim http://www.loc.gov/standards/marcxml/schema/MARC21slim.xsd"
    xmlns="http://www.loc.gov/MARC21/slim">

  <leader>00868cam a2200181   4500</leader>
  <controlfield tag="001">5898</controlfield>
  <controlfield tag="005">20181127180517.0</controlfield>
  <controlfield tag="008">100514s2010    ii     g      000 j eng d</controlfield>
  <datafield tag="010" ind1=" " ind2=" ">
    <subfield code="a">  2010308159</subfield>
  </datafield>
  <datafield tag="020" ind1=" " ind2=" ">
    <subfield code="a">978189884611</subfield>
  </datafield>
  <datafield tag="100" ind1="1" ind2=" ">
    <subfield code="a">Coelho, Venita.</subfield>
  </datafield>
  <datafield tag="245" ind1="1" ind2="4">
    <subfield code="a">The washer of the dead :</subfield>
    <subfield code="b">a collection of ghost stories /</subfield>
    <subfield code="c">Venita Coelho.</subfield>
  </datafield>
  <datafield tag="260" ind1=" " ind2=" ">
    <subfield code="a">New Delhi, India :</subfield>
    <subfield code="b">Zubaan :</subfield>
    <subfield code="b">Penguin Books India,</subfield>
    <subfield code="c">2010.</subfield>
  </datafield>
  <datafield tag="300" ind1=" " ind2=" ">
    <subfield code="a">vi, 136 p. ;</subfield>
    <subfield code="c">20 cm.</subfield>
  </datafield>
  <datafield tag="505" ind1="0" ind2=" ">
    <subfield code="a">Do you believe in ghosts -- The ghost who fell in love -- The ghost next door -- The wind-haunted village -- The special girl -- Spirits of silence -- Kanikha -- Possession -- Ave maria -- The exorcism -- The washer of the dead -- Jhok -- The naked ghost -- Child crying -- Long distance -- Sealed -- The sleepers.</subfield>
  </datafield>
  <datafield tag="650" ind1=" " ind2="0">
    <subfield code="a">Ghost stories, Indic (English)</subfield>
  </datafield>
  <datafield tag="655" ind1=" " ind2="0">
    <subfield code="a">Ghost stories, Indic (English)</subfield>
  </datafield>
  <datafield tag="999" ind1=" " ind2=" ">
    <subfield code="c">4982</subfield>
    <subfield code="d">4982</subfield>
  </datafield>
  <datafield tag="952" ind1=" " ind2=" ">
    <subfield code="0">0</subfield>
    <subfield code="1">0</subfield>
    <subfield code="2">ddc</subfield>
    <subfield code="4">0</subfield>
    <subfield code="7">0</subfield>
    <subfield code="8">FIC</subfield>
    <subfield code="a">RTCLIB</subfield>
    <subfield code="b">RTCLIB</subfield>
    <subfield code="c">FIC</subfield>
    <subfield code="d">2021-10-21</subfield>
    <subfield code="h"> </subfield>
    <subfield code="i">9385</subfield>
    <subfield code="l">8</subfield>
    <subfield code="m">3</subfield>
    <subfield code="o">FIC 813.54 COE</subfield>
    <subfield code="p">30009397</subfield>
    <subfield code="r">2025-11-04 00:00:00</subfield>
    <subfield code="s">2025-10-28</subfield>
    <subfield code="w">2018-11-27</subfield>
    <subfield code="y">FIC</subfield>
  </datafield>
</record>
